|
|
|
|
| LEADER |
00000nam0a2200000 4500 |
| 001 |
268459 |
| 005 |
20231101234152.0 |
| 035 |
|
|
|a (RuTPU)RU\TPU\book\291610
|
| 090 |
|
|
|a 268459
|
| 100 |
|
|
|a 20140903d1987 k y0rusy50 ca
|
| 101 |
0 |
|
|a rus
|
| 102 |
|
|
|a RU
|
| 105 |
|
|
|a a z 001zy
|
| 200 |
1 |
|
|a Геолого-петрологическая специфика вулканизма островных дуг
|f Б. Н. Пискунов
|g Академия наук СССР (АН СССР), Дальневосточное отделение (ДВО), Институт морской геологии и геофизики (ИМГиГ) ; отв. ред. К. Ф. Сергеев
|
| 210 |
|
|
|a Москва
|c Наука
|d 1987
|
| 215 |
|
|
|a 238 с.
|c ил.
|
| 320 |
|
|
|a Библиогр.: с. 221-235.
|
| 606 |
1 |
|
|a Островные дуги
|x Тектоника
|2 stltpush
|3 (RuTPU)RU\TPU\subj\47601
|9 66523
|
| 606 |
1 |
|
|a Геологические формации, вулканические
|2 stltpush
|3 (RuTPU)RU\TPU\subj\6082
|9 34042
|
| 610 |
1 |
|
|a геология
|
| 610 |
1 |
|
|a островодужные вулканические комплексы
|
| 610 |
1 |
|
|a состав
|
| 610 |
1 |
|
|a петрогенезис
|
| 675 |
|
|
|a 551.242.2
|v 3
|
| 675 |
|
|
|a 552.313
|v 3
|
| 700 |
|
1 |
|a Пискунов
|b Б. Н.
|g Борис Николаевич
|
| 702 |
|
1 |
|a Сергеев
|b К. Ф.
|4 340
|
| 712 |
0 |
2 |
|a Академия наук СССР (АН СССР)
|b Дальневосточное отделение (ДВО)
|b Институт морской геологии и геофизики (ИМГиГ)
|c (Южно-Сахалинск)
|c (1987-1991)
|2 stltpush
|3 (RuTPU)RU\TPU\col\20771
|
| 801 |
|
1 |
|a RU
|b 63413507
|c 20140903
|
| 801 |
|
2 |
|a RU
|b 63413507
|c 20150629
|g RCR
|
| 942 |
|
|
|c BK
|